Face Recognition in Video / (Record no. 198686)

000 -LEADER
fixed length control field 00678 a2200205 4500
003 - CONTROL NUMBER IDENTIFIER
control field Nust
005 - DATE AND TIME OF LATEST TRANSACTION
control field 20201117143035.0
038 ## - RECORD CONTENT LICENSOR
Staff Name Malik Tanveer
040 ## - CATALOGING SOURCE
Transcribing agency Nust
082 ## - DEWEY DECIMAL CLASSIFICATION NUMBER
Classification number 621.382
100 ## - MAIN ENTRY--PERSONAL NAME
Personal name Iqbal, Muhammad Zafar (MSEE-15)
9 (RLIN) 35349
245 ## - TITLE STATEMENT
Title Face Recognition in Video /
Statement of responsibility, etc. Muhammad Zafar Iqbal
260 ## - PUBLICATION, DISTRIBUTION, ETC.
Place of publication, distribution, etc. Rawalpindi
Date of publication, distribution, etc. July 2013
Name of publisher, distributor, etc. MCS,NUST
300 ## - PHYSICAL DESCRIPTION
Extent x,69, p;
505 ## - FORMATTED CONTENTS NOTE
Formatted contents note Introduction (page-1) Preliminaries (page-9) System model and proposed schemes (page-25) Result and analysis (page-54) Conclusion and future work (page-59)
538 ## - SYSTEM DETAILS NOTE
System details note Almirah No. 69 Shelf No. 3
650 ## - SUBJECT ADDED ENTRY--TOPICAL TERM
Topical term or geographic name entry element PG Thesis
9 (RLIN) 35000
651 ## - SUBJECT ADDED ENTRY--GEOGRAPHIC NAME
Geographic name MSEE-15
9 (RLIN) 35350
942 ## - ADDED ENTRY ELEMENTS (KOHA)
Koha item type Thesis
Source of classification or shelving scheme
Holdings
Withdrawn status Lost status Source of classification or shelving scheme Damaged status Not for loan Permanent Location Current Location Date acquired Full call number Barcode Date last seen Price effective from Koha item type Public note Shelving location Total Checkouts
          Central Library (CL) Central Library (CL) 11/12/2020 621.3 CL-T-1008 11/12/2020 11/12/2020     Thesis  
          Military College of Signals (MCS) Military College of Signals (MCS) 12/12/2016 621.382,IQB MCSTEE-193A 12/08/2016 12/12/2016 Book Only Hard Copy Available    
© 2023 Central Library, National University of Sciences and Technology. All Rights Reserved.